| 000 | 00432nam a2200157 i 4500 | ||
|---|---|---|---|
| 001 | 99526 | ||
| 003 | ES-MaACL | ||
| 005 | 20230906182518.0 | ||
| 007 | t| | ||
| 008 | 050912s1952 sp ||||1| spa d | ||
| 100 | 1 |
_aMartínez, Juan Antonio. _977776 |
|
| 245 | 1 | 0 |
_aPompas humanas _b: novela / _cJuan Antonio Martínez. |
| 260 |
_aLa Coruña : _bMoret, _c1952. |
||
| 300 |
_a174 p. ; _c18 cm. |
||
| 852 |
_aES-MaACL _jD-7953 _bR.32100 |
||
| 999 |
_c99526 _d99526 |
||